A progress report to Government on the implementation of the Action Plan to promote the growth of self build housing (Record no. 113950)
[ view plain ]
| 000 -LEADER | |
|---|---|
| fixed length control field | 01320cad a22002175a 4500 |
| 001 - CONTROL NUMBER | |
| control field | L155967 |
| 008 - FIXED-LENGTH DATA ELEMENTS--GENERAL INFORMATION | |
| fixed length control field | 120424s2012 xxk f 000 0 eng d |
| 035 ## - SYSTEM CONTROL NUMBER | |
| System control number | (Sirsi) u155967 |
| 041 0# - LANGUAGE CODE | |
| Language code of text/sound track or separate title | eng |
| 110 2# - MAIN ENTRY--CORPORATE NAME | |
| Corporate name or jurisdiction name as entry element | National Self Build Association |
| 9 (RLIN) | 5919 |
| 245 02 - TITLE STATEMENT | |
| Title | A progress report to Government on the implementation of the Action Plan to promote the growth of self build housing |
| Remainder of title | April 2012 |
| Medium | [electronic resource] |
| 260 ## - PUBLICATION, DISTRIBUTION, ETC. | |
| Place of publication, distribution, etc. | [S.l.] |
| Name of publisher, distributor, etc. | NaSBA |
| Date of publication, distribution, etc. | 2012 |
| 505 2# - FORMATTED CONTENTS NOTE | |
| Formatted contents note | Background -- Land and procurement models -- Lending and finance -- Regulation and red tape -- The self build industry -- Next steps -- Summary of Progress |
| 520 ## - SUMMARY, ETC. | |
| Summary, etc. | A report on progress made over the past year in which the Government has worked closely with the self build (or 'custom build' home) industry to progress a range of initiatives that should result in a significant growth in the number of self build homes constructed in the UK; includes summary of progress. A wide range of professional organisations participated in the project including RICS. |
| 590 ## - LOCAL NOTE (RLIN) | |
| Local note | KA NTK |
| 651 #4 - SUBJECT ADDED ENTRY--GEOGRAPHIC NAME | |
| Geographic name | United Kingdom |
| Chronological subdivision | |
| 690 ## - LOCAL SUBJECT ADDED ENTRY--TOPICAL TERM (OCLC, RLIN) | |
| Topical term or geographic name as entry element | Construction management |
| 9 (RLIN) | 6230 |
| 690 ## - LOCAL SUBJECT ADDED ENTRY--TOPICAL TERM (OCLC, RLIN) | |
| Topical term or geographic name as entry element | Residential property |
| 9 (RLIN) | 6266 |
| 856 40 - ELECTRONIC LOCATION AND ACCESS | |
| Uniform Resource Identifier | <a href="https://www.nasba.org.uk/images/pdf/nasba_sbwpipp_2012_lowres.pdf">https://www.nasba.org.uk/images/pdf/nasba_sbwpipp_2012_lowres.pdf</a> |
| Public note | View this report free of charge at www.nasba.org.uk |
| 942 ## - ADDED ENTRY ELEMENTS (KOHA) | |
| Suppress in OPAC | 0 |
| Withdrawn status | Lost status | Source of classification or shelving scheme | Damaged status | Not for loan | Home library | Current library | Shelving location | Date acquired | Total Checkouts | Full call number | Barcode | Date last seen | Copy number | Price effective from | Koha item type |
|---|---|---|---|---|---|---|---|---|---|---|---|---|---|---|---|
| Dewey Decimal Classification | Virtual | Virtual | Online | 24/04/2012 | WEB-SITE | 155967-2001 | 06/08/2019 | 1 | 06/08/2019 | Online material |